<?xml version="1.0" encoding="UTF-8"?>
<record
    xmlns:xsi="http://www.w3.org/2001/XMLSchema-instance"
    xsi:schemaLocation="http://www.loc.gov/MARC21/slim http://www.loc.gov/standards/marcxml/schema/MARC21slim.xsd"
    xmlns="http://www.loc.gov/MARC21/slim">

  <leader>01508nam a2200265Ia 4500</leader>
  <datafield tag="952" ind1=" " ind2=" ">
    <subfield code="0">0</subfield>
    <subfield code="1">0</subfield>
    <subfield code="2">lcc</subfield>
    <subfield code="4">0</subfield>
    <subfield code="7">0</subfield>
    <subfield code="a">04</subfield>
    <subfield code="b">04</subfield>
    <subfield code="d">2012-04-24</subfield>
    <subfield code="l">0</subfield>
    <subfield code="o">LB2395  S47 1996</subfield>
    <subfield code="p">05 001172</subfield>
    <subfield code="r">2023-04-26</subfield>
    <subfield code="t">1</subfield>
    <subfield code="w">2012-06-24</subfield>
    <subfield code="y">LB</subfield>
  </datafield>
  <datafield tag="952" ind1=" " ind2=" ">
    <subfield code="0">0</subfield>
    <subfield code="1">0</subfield>
    <subfield code="2">lcc</subfield>
    <subfield code="4">0</subfield>
    <subfield code="7">0</subfield>
    <subfield code="a">04</subfield>
    <subfield code="b">04</subfield>
    <subfield code="d">2012-04-24</subfield>
    <subfield code="l">0</subfield>
    <subfield code="o">LB2395  S47 1996</subfield>
    <subfield code="p">05 001173</subfield>
    <subfield code="r">2023-04-26</subfield>
    <subfield code="t">2</subfield>
    <subfield code="w">2012-06-24</subfield>
    <subfield code="y">LB</subfield>
  </datafield>
  <datafield tag="952" ind1=" " ind2=" ">
    <subfield code="0">0</subfield>
    <subfield code="1">0</subfield>
    <subfield code="2">lcc</subfield>
    <subfield code="4">0</subfield>
    <subfield code="7">0</subfield>
    <subfield code="a">04</subfield>
    <subfield code="b">04</subfield>
    <subfield code="d">2012-04-24</subfield>
    <subfield code="l">0</subfield>
    <subfield code="o">LB2395  S47 1996</subfield>
    <subfield code="p">05 001174</subfield>
    <subfield code="r">2023-04-26</subfield>
    <subfield code="t">3</subfield>
    <subfield code="w">2012-06-24</subfield>
    <subfield code="y">LB</subfield>
  </datafield>
  <datafield tag="952" ind1=" " ind2=" ">
    <subfield code="0">0</subfield>
    <subfield code="1">0</subfield>
    <subfield code="2">lcc</subfield>
    <subfield code="4">0</subfield>
    <subfield code="7">0</subfield>
    <subfield code="a">04</subfield>
    <subfield code="b">04</subfield>
    <subfield code="d">2015-04-15</subfield>
    <subfield code="l">0</subfield>
    <subfield code="o">LB2395 S47 1996</subfield>
    <subfield code="p">05 001991</subfield>
    <subfield code="r">2023-02-10</subfield>
    <subfield code="t">4</subfield>
    <subfield code="w">2015-04-15</subfield>
    <subfield code="y">LB</subfield>
  </datafield>
  <datafield tag="952" ind1=" " ind2=" ">
    <subfield code="0">0</subfield>
    <subfield code="1">0</subfield>
    <subfield code="2">lcc</subfield>
    <subfield code="4">0</subfield>
    <subfield code="7">0</subfield>
    <subfield code="a">04</subfield>
    <subfield code="b">04</subfield>
    <subfield code="d">2015-04-15</subfield>
    <subfield code="l">0</subfield>
    <subfield code="o">LB2395 S47 1996</subfield>
    <subfield code="p">05 001992</subfield>
    <subfield code="r">2023-02-10</subfield>
    <subfield code="t">5</subfield>
    <subfield code="w">2015-04-15</subfield>
    <subfield code="y">LB</subfield>
  </datafield>
  <datafield tag="999" ind1=" " ind2=" ">
    <subfield code="c">63495</subfield>
    <subfield code="d">63495</subfield>
  </datafield>
  <controlfield tag="008">120625s1996    mx            001 0 spa d</controlfield>
  <datafield tag="020" ind1=" " ind2=" ">
    <subfield code="a">9789688533208</subfield>
  </datafield>
  <datafield tag="050" ind1=" " ind2="4">
    <subfield code="a">LB2395 </subfield>
    <subfield code="b">S47 1996</subfield>
  </datafield>
  <datafield tag="100" ind1="1" ind2=" ">
    <subfield code="a">Serafini, Mar&#xED;a Teresa</subfield>
    <subfield code="e">, autor</subfield>
  </datafield>
  <datafield tag="240" ind1="1" ind2="0">
    <subfield code="a">Come si studia</subfield>
    <subfield code="l">Espa&#xF1;ol</subfield>
  </datafield>
  <datafield tag="245" ind1="1" ind2="0">
    <subfield code="a">C&#xF3;mo se estudia  </subfield>
    <subfield code="b"> : la organizaci&#xF3;n del trabajo intelectual</subfield>
    <subfield code="c"> / Ma. Teresa Serafini ; traducci&#xF3;n Susana Spiegler y Edit Binaghi</subfield>
  </datafield>
  <datafield tag="260" ind1=" " ind2=" ">
    <subfield code="a">M&#xE9;xico </subfield>
    <subfield code="b"> : Paid&#xF3;s</subfield>
    <subfield code="c">, 1996</subfield>
  </datafield>
  <datafield tag="300" ind1=" " ind2=" ">
    <subfield code="a">323 p&#xE1;ginas </subfield>
    <subfield code="c"> ; 19 cm.</subfield>
  </datafield>
  <datafield tag="490" ind1="0" ind2=" ">
    <subfield code="a">Colecci&#xF3;n instrumentos Paid&#xF3;s</subfield>
    <subfield code="v"> ; 8</subfield>
  </datafield>
  <datafield tag="500" ind1=" " ind2=" ">
    <subfield code="a">T&#xED;tulo original: Come si studia.  </subfield>
  </datafield>
  <datafield tag="505" ind1="0" ind2=" ">
    <subfield code="a">La profesi&#xF3;n del estudiante
La lectura
Subrayar, tomar apuntes y hacer cuadros sin&#xF3;pticos
Diagramas
Memorizaci&#xF3;n
Investigaci&#xF3;n
Las preguntas, el ex&#xE1;men y la exposici&#xF3;n en p&#xFA;blico
Docente
C&#xF3;mo organizar la did&#xE1;ctica
El aprendizaje y la motivaci&#xF3;n para el estudio
La mente como procesador de informaciones
La memoria
La presentaci&#xF3;n del conocimiento
La comprensi&#xF3;n
La resoluci&#xF3;n de los problemas</subfield>
  </datafield>
  <datafield tag="519" ind1=" " ind2=" ">
    <subfield code="a">Plan UNAM / </subfield>
    <subfield code="b">Tercer Semestre CCH / </subfield>
    <subfield code="c">Taller de Lectura y Redacci&#xF3;n e Iniciaci&#xF3;n a la Investigaci&#xF3;n Documental III (1305) / </subfield>
    <subfield code="d">(05 001991 ; 05 001992)</subfield>
  </datafield>
  <datafield tag="519" ind1=" " ind2=" ">
    <subfield code="a">Plan UNAM / </subfield>
    <subfield code="b">Preparatoria Cuarto A&#xF1;o / </subfield>
    <subfield code="c">Orientaci&#xF3;n Educativa IV (1411) / </subfield>
    <subfield code="d">(05 001172 ; 05 001173) </subfield>
  </datafield>
  <datafield tag="650" ind1=" " ind2="4">
    <subfield code="a">ESTUDIO</subfield>
  </datafield>
  <datafield tag="650" ind1=" " ind2="4">
    <subfield code="a">M&#xC9;TODOS DE ESTUDIO</subfield>
  </datafield>
  <datafield tag="650" ind1=" " ind2="4">
    <subfield code="a">ENSE&#xD1;ANZA </subfield>
  </datafield>
  <datafield tag="700" ind1="1" ind2=" ">
    <subfield code="a">Spiegler, Susana </subfield>
    <subfield code="e">, autor </subfield>
  </datafield>
  <datafield tag="700" ind1="1" ind2=" ">
    <subfield code="a">Binaghi, Edit </subfield>
    <subfield code="e">, autor </subfield>
  </datafield>
  <datafield tag="942" ind1=" " ind2=" ">
    <subfield code="c">LB</subfield>
  </datafield>
</record>
